000 00338nam a22001337a 4500
005 20250901165813.0
008 250328b |||||||| |||| 00| 0 eng d
020 _a9966011374
050 _aPL 8704 .L46 2011
245 _aZinguo la Mzukp
_cSanja Leonard Leo
260 _aNairobi:
_bFocus,
_c2011.
300 _a91 p.:
_c18 cm.
942 _2lcc
999 _c9443
_d9443